000 00535nam a2200205Ia 4500
003 OSt
005 20230327144348.0
008 210423s1996 xx 000 0 und d
040 _cAL
041 _aeng
082 _a658.3 DAVR
100 _aDAVAR (Rustom S).
_978442
245 _aPersonnel management and industrial relations.
250 _a10
260 _aNew Delhi
_bVikas Publications
_c1996
300 _axvii,421
365 _b110
_cINR
906 _aindustrial ; management ; Personnel ; relations.
942 _2ddc
_cBK
999 _c155107
_d155107